Statystyki dla uroczystości i imprezy - j. włoski

Kliknij tutaj aby rozwiązać quiz!

Ogólne statystyki

  • Ten quiz został rozwiązany 13 razy
  • Średni wynik to 8 z 18

Statystyki odpowiedzi

po polskupo włosku% Poprawnych
urodzinycompleanno
80%
nie chcę tańczyćnon voglio ballare
80%
tak, chcę zatańczyćsi, voglio ballare
80%
ślubmatrimonio
60%
muzykamusica
60%
prezentregalo
60%
chcasz zatańczyć?vuoi ballare?
60%
szczęśliwego nowego rokubuon anno nuovo
40%
wszystkiego najlepszego
z okazji urodzin
buon compleanno
40%
gratulacjecongratulazioni
40%
imprezafesta
40%
rocznicaanniversario
20%
kartka urodzinowabiglietto di compleanno
20%
powodzeniabuona fortuna
20%
uroczystośćcelebrazione
20%
wręczenie dyplomówlaurea
20%
wyjdziesz za mnie?mi vuoi sposare?
20%
świętovacanza
20%

Rozkład punktacji

Percentyl według liczby udzielonych odpowiedzi

Procent ludzi z każdym wynikiem

Twoja historia wyników

Nie rozwiązałeś tego quizu